Studi di antichità in memoria di Mario Attilio Levi
Сохранить в:
| Главный автор: | |
|---|---|
| Формат: | |
| Язык: | итальянский |
| Опубликовано: |
Milán, Italia
Cisalpino
2002
|
| Серии: | Quaderni di Acme,
55 |
| Предметы: | |
| Метки: |
Добавить метку
Нет меток, Требуется 1-ая метка записи!
|
MARC
| LEADER | 00000cam a2200000 a 4500 | ||
|---|---|---|---|
| 001 | UCD8600 | ||
| 003 | CL-VaPUC | ||
| 005 | 20220107125833.0 | ||
| 008 | 170519e20020000it |||||||||||||||||ita|d | ||
| 999 | |c 367958 |d 367956 | ||
| 020 | |a 8832346214 | ||
| 040 | |c Pontificia Universidad Católica de Valparaíso | ||
| 082 | 0 | 4 | |a 938 MIC 2002 |2 21 |
| 100 | |a Michelotto, Pier Giuseppe |e autor |9 592097 | ||
| 245 | 1 | 0 | |a Studi di antichità in memoria di Mario Attilio Levi |
| 260 | |a Milán, Italia |b Cisalpino |c 2002 | ||
| 300 | |a 516 páginas | ||
| 490 | 0 | |a Quaderni di Acme, |v 55 | |
| 583 | |a last modification |c 20170519 15:42:00 |k Rodrigo Vera | ||
| 650 | 0 | |a Historia antigua |9 267521 | |
| 650 | 0 | |a Historia de Roma |9 315349 | |
| 650 | 7 | |a HISTORIA DE GRECIA ANTIGUA |2 CL-VaPUC |9 520504 | |
| 942 | |c BK |2 ddc | ||
| 945 | |d 20170519 15:42:00 |a dcastane | ||
| 952 | |0 0 |1 0 |3 erb |4 0 |6 938_000000000000000_MIC_2002 |7 0 |8 A |9 483190 |a FDOLAF |b FDOLAF |e Laffi, Umberto, 1939- |i 5391644 |o 938 MIC 2002 |p 5391644 |r 2024-01-30 |w 2019-11-24 |y BK |z Catalogado en:20170519 |k LAF | ||